000
00319nam a2200145Ia 4500
008
090122s9999 xx 000 0 und d
082
_b
5966
_a
823
100
_a
Davies
_b
Alwyan
245
_a
The Practice
600
_a
Davies
630
_a
The Practice
700
_a
Davies
730
_a
The Practice
942
_c
BOOK
999
_c
30043
_d
30043